| 000 | 00598nam a22002057a 4500 | ||
|---|---|---|---|
| 003 | OSt | ||
| 005 | 20251211084511.0 | ||
| 008 | 251211b |||||||| |||| 00| 0 eng d | ||
| 020 | _a978-971-23-5325-3. | ||
| 040 |
_aDWCL-Main lib _cOC |
||
| 082 | _aFil. 302.3 T821g 2009 | ||
| 100 | _aTria, Geraldine E. | ||
| 245 |
_aGroup dynamics/ _cTria, Geraldine E. |
||
| 260 |
_aManila : _bRex Book Store, Inc. , _cc2009 |
||
| 300 |
_ax, 172 p. : _bill. ; _c21 cm. |
||
| 504 | _aIncludes bibliographical references. | ||
| 650 | _aSocial groups. | ||
| 700 | _aLoreto V. Jao | ||
| 942 |
_2ddc _cBK - FIL _kFil. _n0 |
||
| 999 |
_c7053 _d7053 |
||